00660 2200229 4500001002100000005001500021035002000036007000300056008004100059020001800100082001800118084002400136245005800160250000600218260004600224300002900270650001500299650001700314110004800331856002800379990002300407INLIS00000000000773520251111082601 a0010-1125000007ta251111 0 ind  a979-3871-10-5 a633.85:338.43 a633.85:338.43 BAD p1 aProspek dan Arah Pengembangan Agribisnis Kelapa Sawit a- aJakarta :bBadan Litbang Pertanian,c2007 a72p. :bilus ;c21 cme- 4aAgribisnis 4aKelapa Sawit0 aBadan Penelitian dan Pengembangan Pertanian aPerpustakaan BRMP Jatim a620/2025/BRMPJATIM